Czech Extraliga Champions - Statistics

General Stats
  • This quiz has been taken 59 times
  • The average score is 28 of 31
Answer Stats
Hint Answer % Correct
2000 Sparta Praha
98%
2002 Sparta Praha
98%
2006 Sparta Praha
98%
2007 Sparta Praha
98%
2017 Kometa Brno
96%
2018 Kometa Brno
96%
2025 Kometa Brno
96%
2005 Pardubice
96%
2010 Pardubice
96%
2012 Pardubice
96%
2011 Třinec
94%
2019 Třinec
94%
2021 Třinec
94%
2022 Třinec
94%
2023 Třinec
94%
2024 Třinec
94%
2003 Slavia Praha
88%
2008 Slavia Praha
88%
2016 Liberec
84%
2004 Zlín
84%
2014 Zlín
84%
2015 Litvínov
82%
2013 Plzeň
82%
1995 Vsetín
80%
1996 Vsetín
80%
1997 Vsetín
80%
1998 Vsetín
80%
1999 Vsetín
80%
2001 Vsetín
80%
2009 Karlovy Vary
76%
1994 Olomouc
72%
No matching quizzes found
Score Distribution
Percent of People with Each Score
Percentile by Number Answered
Your Score History
You have not taken this quiz